书目信息 |
| 题名: |
亨利五世
|
|
| 作者: | 莎士比亚 , Shakespeare 著 ;支荩忠 注释 | |
| 分册: | ||
| 出版信息: | 北京 商务印书馆 1987 |
|
| 页数: | 259页 | |
| 开本: | 18cm | |
| 丛书名: | 莎士比亚注释丛书 | |
| 单 册: | ||
| 中图分类: | H319.4 | |
| 科图分类: | ||
| 主题词: | 英语--语言读物 , 剧本--语言读物 | |
| 电子资源: | ||
| ISBN: | 7-100-00366-0 | |
| 000 | 00910nam2 2200301 450 | |
| 001 | 0100226572 | |
| 005 | 20020928000000.0 | |
| 010 | @a7-100-00366-0@dCNY1.40 | |
| 011 | @a7-100-00366-0 | |
| 100 | @a19900808d1987 em y0chiy0110 ea | |
| 101 | 1 | @achi |
| 102 | @aCN@b110000 | |
| 105 | @ay z 000by | |
| 106 | @ar | |
| 200 | 1 | @a亨利五世@9Heng Li Wu Shi @f(英)莎士比亚(Shakespeare,A.)著@g支荩忠注释@dKING HENRY THE FIFTH@b专著@zeng |
| 210 | @a北京@c商务印书馆@d1987 | |
| 215 | @a259页@d18cm | |
| 225 | 2 | @a莎士比亚注释丛书 |
| 410 | 0 | @12001 @a莎士比亚注释丛书 |
| 606 | 0 | @a英语@x语言读物 |
| 606 | 0 | @a剧本@x语言读物 |
| 690 | @aH319.4@v3 | |
| 701 | 1 | @c(英)@a莎士比亚@c(Shakespeare, William@f1564~1616)@9sha shi bi ya@4著 |
| 701 | 1 | @aShakespeare@bA.@4著 |
| 702 | 0 | @a支荩忠@9zhi jin zhong@4注释 |
| 801 | 0 | @aCN@b深圳图书馆 |
| 801 | 2 | @aCN@bAiZhiMarc |
| 905 | @aBZT@dH31@e472@f1@sH31/472 | |
| 亨利五世/(英)莎士比亚(Shakespeare,A.)著/支荩忠注释=KING HENRY THE FIFTH.-北京:商务印书馆,1987 |
| 259页;18cm.-(莎士比亚注释丛书) |
| ISBN 7-100-00366-0:CNY1.40 |
| ● |
| 相关链接 |
|
|
|
正题名:亨利五世
索取号:H31/472
 
预约/预借
| 序号 | 登录号 | 条形码 | 馆藏地/架位号 | 状态 | 备注 |
| 1 | 2000100383 | 2000100383 | 旧书回溯/ [索取号:H31/472] | 在馆 |